Alphabetically Adjacent US States Quiz Stats

 Plays Quiz Updated Mar 18, 2017

Support Sporcle.
Go Orange.
Score 0/50 Timer 01:00
4 Plays Today
State % Correct
Alaska
94.2%
Alabama
93.5%
California
84.2%
Arkansas
84%
Arizona
83.8%
Colorado
82.1%
Georgia
80.4%
Florida
78.9%
Delaware
78.5%
Hawaii
78.4%
Idaho
76.1%
Wyoming
75.9%
North Carolina
73.3%
Connecticut
73%
New York
71.4%
New Mexico
70.4%
Illinois
70.3%
Indiana
69.1%
Iowa
68.7%
Kansas
68.4%
Louisiana
68%
North Dakota
65.9%
Maine
65.4%
Utah
64.9%
Kentucky
64.2%
State % Correct
Texas
64.1%
Maryland
63.9%
Tennessee
63.3%
Ohio
62.3%
Minnesota
60.2%
Massachusetts
60.2%
Virginia
59.8%
Oklahoma
59.4%
Michigan
59.1%
Nebraska
58.7%
Missouri
58.5%
Montana
57.4%
Vermont
57.1%
New Hampshire
57%
West Virginia
56.2%
Mississippi
55.5%
Washington
55.4%
New Jersey
54.8%
Nevada
54.1%
South Dakota
53.5%
South Carolina
53.5%
Pennsylvania
52.6%
Rhode Island
51.5%
Oregon
50.9%
Wisconsin
50.9%

You're not logged in!

Compare scores with friends on all Sporcle quizzes.
OR
Log In
Forgot?

From the Vault

Women in the Bible

by bobkat74

And here I thought that Frank Zappa had gotten Moon Unit from frequent biblical mentions.
Remove Ads.
Support Sporcle.
Get the best of Sporcle when you Go Orange. This ad-free experience offers more features, more stats, and more fun while also helping to support Sporcle. Thank you for becoming a member.

Show Comments

Extras

Top Quizzes Today


Score Distribution

Your Account Isn't Verified!

In order to create a playlist on Sporcle, you need to verify the email address you used during registration. Go to your Sporcle Settings to finish the process.

Report this User

Report this user for behavior that violates our Community Guidelines.

Details: